000 00473nam a22001577a 4500
999 _c528972
_d528972
082 _a621.001
100 _aBibi, Atiqa
245 _aDrag Reduction in supersonic Blunt Bodies Using Opposing Jets /
_cAtiqa Bibi.
260 _aIslamabad:
_bRCMS - NUST,
_c2016.
300 _a66 p.: ill.;
_c30cm.
942 _2ddc
_cTHE
650 _aMS-Thesis.
_918721
700 _aDr. Salma Sherbaz
_920824